00609 2200193 4500001002100000005001500021035002000036007000300056008004100059082001600100245005700116250001200173260006800185300003000253650006000283700001900343110003400362856001900396INLIS00000000000014220250710011629 a0010-0725000142ta250710 a 0 ind  a398.209 5981 aApa Makanan Mereka? /cAll Children Reading Cambodia apertama aJakarta Timur :bBadan Pengembangan dan Pembinaan Bahasa,c2022 a18hlm. :bilus. ;c21,5cm 4acerita anak indonesia terjemahan, literasi bahan bacaan0 aChhoun Sambath aAll Children Reading Cambodia aTBM AS-SYUHADA